Normal view
MARC view
Entry Personal Name
001 - CONTROL NUMBER
- control field: 78024
003 - CONTROL NUMBER IDENTIFIER
- control field: dpl
005 - DATE AND TIME OF LATEST TRANSACTION
- control field: 20250219120018.0
008 - FIXED-LENGTH DATA ELEMENTS
- fixed length control field: 250219|| aca||aabn | a|a d
040 ## - CATALOGING SOURCE
- Original cataloging agency: dpl
- Transcribing agency: dpl
100 ## - HEADING--PERSONAL NAME
- Personal name: Sandahl Stella
670 ## - SOURCE DATA FOUND
- Source citation: Work cat.: (dpl)209375: Sandahl Stella, Modern hindi Grammer /, 2014
